banner-ar

من الاعمال المختارة سترند يرج - 2 الطريق الى دمشق : ثلاثية (هدية من الاديب عبدالفتاح الجمل) / (Record no. 46911)

MARC details
000 -الفاتح
حقل البيانات ثابتة الطول 00755nam a2200193Ia 4500
008 - عناصر البيانات ثابتة الطول - معلومات عامة
حقل البيانات ثابتة الطول 140319s9999 xx 000 0 ara d
040 ## - مصدر الفهرسة
وكالة الفهرسة الأصلية GCL /
وكالة النسخ GCL
082 04 - رقم تصنيف ديوى العشرى
رقم التصنيف 839.7
رقم المادة ب م
100 1# - المدخل الرئيسى - إسم شخصى
الإسم الشخصى محمد توفيق مصطفى (مترجم)
245 10 - بيان العنوان
العنوان من الاعمال المختارة سترند يرج - 2 الطريق الى دمشق : ثلاثية (هدية من الاديب عبدالفتاح الجمل) /
بيان المسئوليه,etc محمد توفيق مصطفى (مترجم)
700 1# - المدخل الاضافى - اسم شخصى
الإسم الشخصى يرج، سترند
700 1# - المدخل الاضافى - اسم شخصى
الإسم الشخصى عبدالعزيز حسين
300 ## - الوصف المادى
التعداد 423 ص
490 ## - بيان السلسلة
عنوان السلسلة من المسرح العالمى
رقم المجلد/ التعيين التسلسلي 0
650 04 - المدخل الاضافى بالموضوع-مصطلح موضوعى
مصطلح موضوعي المسرحيات السويدية
650 04 - المدخل الاضافى بالموضوع-مصطلح موضوعى
مصطلح موضوعي الادب السويدى المترجم
942 ## - عناصر المدخل الإضافي( كوها)
مصدر التصنيف او مخطط الترفيف Dewey Decimal Classification
Koha [default] item type كتاب
Holdings
حالة التراجع حالة الفقد حالة تلف ليس للاعارة المكان المؤقت الموقع الحالى تاريخ الاكتساب اجمالي اﻻعارات رقم الطلب الباركود تاريخ اخر مشاهدة تاريخ تفعيل السعر نوع وعاء كوها
        مكتبة القاهرة الكبرى مكتبة القاهرة الكبرى 03/26/2014   839.7\ب م 113938 03/26/2014 03/26/2014 كتاب

Powered By

EGPV